000 00381nam a2200109Ia 4500
008 160909s9999 xx 000 0 und d
100 _aHiggenbotham, Erin L.
245 _aAttachment, Coping Style, and Perceived Stress in University Students
260 _bWest Virginia University
_c2016
650 _aPSYCHOLOGY
856 _uhttp://pqdtopen.proquest.com/doc/1794167111.html?FMT=ABS
999 _c304100
_d304100